000 00685pam a2200229 i 4500
999 _c4047
_d4047
001 1261749
003 GBCCL
005 20241126110509.0
008 741011s1974 nju 000 0 eng
010 _a 74023794
020 _a0800706951 :
_c$6.95
040 _aDLC
_cDLC
_dDLC
050 0 0 _aBV4832.2
_b.G63
082 0 0 _a242
_bGOR
100 1 _aGordon, Arthur,
_d1912-2002.
_97797
245 1 2 _aA touch of wonder :
_ba book to help people stay in love with life /
_cArthur Gordon.
260 _aOld Tappan, N.J. :
_bF. H. Revell Co.,
_c[1974]
300 _a251 p. ;
_c21 cm.
650 0 _aMeditations.
_91412
906 _a7
_bcbc
_corignew
_d1
_eocip
_f19
_gy-gencatlg
942 _2ddc
_cBK